| 000 | 007260000a22001210004500 | ||
|---|---|---|---|
| 100 | 1 | _aLondoño Jaramillo, Mabel | |
| 245 | 1 | 0 | _aLa independencia del poder judicial en la consolidación de la democracia. |
| 300 | _ano.30 (2010), p. 59-79 | ||
| 520 | _aEn este artículo se abordan diferentes trabajos acerca del papel del juez en la democracia. Se trata de indagar por la creciente expansión del papel del poder judicial en las democracias contemporáneas, para contextualizar el caso colombiano, identificando las posibles tensiones que se han generado con relación a los poderes públicos que aparecen controlados. | ||
| 650 | 1 | 4 | _aPODER JUDICIAL. |
| 773 | 0 | _tRevista UCO : Universidad Católica de Oriente | |
| 942 | _cANA | ||
| 999 |
_c63437 _d63437 |
||